Quizzes
Events
Quiz Creation
Community
Videos
Private Events
Remove Ads
Sign In
Join for FREE
Feedback
Dark Mode
Quiz Categories
Sports
Geography
Music
Movies
Television
Just For Fun
Miscellaneous
History
Literature
Language
Science
Gaming
Entertainment
Religion
Holiday
For Kids
Quiz Lab
Recent
Popular Today
Quiz Kudos Today
Editor Picks
Curator Picks
Quizzes by...
Day
Popularity
Type
Ratings
Length
Year
Community
Subscriptions
Recent Discussions
Orange Saloon
Badges
Playlists
Quests
Create
Leaderboards
Showdown
Live 5
Trivia Bingo
Activity
Puzzle Library
Sporcle Events
Private Events
Virtual Trivia
Globe League
Become a Host
Pub Owners
SporcleCon
Opinionation
Our Games
Videos
Blog
Mobile Apps
Partnerships
Remove Ads and Go Orange
Feedback
Sports
Athletes
MLB
NBA
NHL
NFL
Soccer
Sports Teams
WWE
NCAA
Football
Premier League
Basketball
Baseball
Hockey
Golf
Tennis
Cricket
Rugby
Auto Racing
Olympics
World Cup
Sports
Athletes
MLB
NBA
NHL
NFL
Soccer
Sports Teams
WWE
NCAA
Football
Premier League
Basketball
Baseball
Hockey
Golf
Tennis
Cricket
Rugby
Auto Racing
Olympics
World Cup
Random Quiz
Search Sporcle
×
Quiz Lab
Quiz Lab
Sports
Country
Type in answers that appear in a list
Type in answers that appear in a list
Classic
Best Score? Go Orange.
Premier League Players Nationalities Stats
Can you name the Premier League Players Nationalities?
By
Polo
5m
46 Questions
137 Plays
137 Plays
137 Plays
Comments
Comments
Give Quiz Kudos
Give Quiz Kudos
-
- Ratings
hide this ad
More Info
Forced Order
Answers have to be entered in order
Answers have to be entered in order
Replay
Link that replays current quiz
Next Quiz
Link to next quiz in quiz playlist
You Got
0%
They Got
Avg Score
74%
Avg Friend Score
Upgrade to see
Score Distribution
Jump to the score distribution portion of the page
Score
0/46
Timer
05:00
0
Plays Today
Player Name
Country
% Correct
Florent Malouda
France
93.4%
Park Ji-
Sung
South Korea
93.4%
Aaron Ramsey
Wales
92.7%
Pepe Reina
Spain
92%
Manuel Almunia
Spain
91.2%
Damien Duff
Republic of Ireland
90.5%
Gabriel Agbonlahor
England
89.1%
Darren Fletcher
Scotland
89.1%
David Luiz
Brazil
88.3%
Luis Suárez
Uruguay
88.3%
Salomon Kalou
Ivory Coast
87.6%
Brett Emerton
Australia
86.9%
Stiliyan Petrov
Bulgaria
84.7%
Ryan Nelsen
New Zealand
84.7%
John Heitinga
Holland
84.7%
Marouane Chamakh
Morocco
83.9%
Daniel Agger
Denmark
83.2%
Rafael van der Vaart
Holland
82.5%
Sebastian Larsson
Sweden
81.8%
Edin Džeko
Bosnia and Herzegovina
80.3%
Antonio Valencia
Ecuador
79.6%
Jonás Gutiérrez
Argentina
79.6%
Asamoah Gyan
Ghana
78.8%
Player Name
Country
% Correct
Diniyar Bilyaletdinov
Russia
78.1%
Vincent Kompany
Belgium
78.1%
Carlo Cudicini
Italy
77.4%
Steven Pienaar
South Africa
75.9%
Ivan Klasnić
Croatia
74.5%
Robert Huth
Germany
72.3%
Grétar Steinsson
Iceland
70.1%
Carlos Salcido
Mexico
69.3%
Ashley Williams
Wales
65%
Stephen Hunt
Republic of Ireland
64.2%
Adel Taarabt
Morocco
63.5%
Ricardo Fuller
Jamaica
63.5%
Aleksandar Kolarov
Serbia
62%
Jamie O'Hara
England
60.6%
Chris Brunt
Northern Ireland
58.4%
Demba Ba
Senegal
56.9%
Wes Hoolahan
Republic of Ireland
53.3%
Hugo Rodallega
Colombia
52.6%
Marek Čech
Slovakia
51.1%
Zak Whitbread
America
49.6%
Ákos Buzsáky
Hungary
48.9%
Àngel Rangel
Spain
48.2%
Antolín Alcaraz
Paraguay
38%
Quiz Playlist
Details
Report
Send in Message
Add To Playlist
More Info:
Guess the nationalities of the following players.
Classic:
Type in answers that appear in a list
Forced Order:
Answers have to be entered in order
Quiz Source
Last Updated: Feb 16, 2017
Quiz Scoreboard
CHALLENGE
Sign Up to Join the Scoreboard
Show All
Scores
Hide
Comments
May contain spoilers
Recently Published
Click the 1999 NBA Draft
by nibperrychub
Sports
2m
Alphabetical 'K' Countries by Flag Minefield
by ylime102
Geography
3m
Pick 6: Fruits
by JohnFran
Miscellaneous
15s
More to Explore
Quiz From the Vault
Featured Blog Post
15 Basketball Trivia Facts You Can Be March Mad About
hide this ad
You Might Also Like...
Tags
Country Quiz
Premier League Quiz
club
League
Nationality
Player
Premier
Today's Top Quizzes in Sports
Browse Sports
hide this ad
Today's Top Quizzes in Country
Browse Country
Top Contributed Quizzes in Sports
1
Don't Strike Out: 3000 Strikeouts
2
MLB 2 truths and a lie: Hall of Fame pitchers
3
MLB Players with Two .350 Batting Average Seasons
4
Last 10 Members of the 500 HR Club in Order
5
Criteria MLB: Left Handed Sluggers
6
One Time Final Four Teams
7
Millionaire: NBA Finals Edition
8
MLB Teams by First Game
9
Pitchers With Multiple No-Hitters
10
Pick 6: NFL Teams
Explore More
Trending Topics
Kpop
Crossword
Anime
Harry Potter
Disney
NBA
Marvel
NFL
Pokémon
Country
The Office
Song
WWE
Puzzle
Soccer
hide this ad
More By:
Polo
Quiz
Plays
Rating
Category
Featured
Created
Duran Duran Songs by Lyrics
1,149
4.25
Music
May 13, 2011
The David Beckham Quiz
1,058
2.20
Sports
Jul 12, 2011
Suburbs of Leeds, England
959
5.00
Geography
May 13, 2011
Footballers Career Path
638
4.50
Sports
Jul 17, 2011
Duran Duran Band Members
432
5.00
Music
Jun 27, 2011
Go to Creator's Profile
Score Distribution
Quiz Creator Spotlight
Polo
Follow
Send a Message
Quizzes Created
-
Created Quiz Play Count
-
More By This Creator
Popular Quizzes Today
1
Find the US States - No Outlines Minefield
2
Countries of Asia Without Outlines Minefield
3
Pick 6: Fruits
4
Alphabetical 'K' Countries by Flag Minefield
5
The Countries of the World
6
Click the 1999 NBA Draft
7
Find the US States
8
Match the Book to the Film X
More Sports Quizzes
Top Home Run Hitters by Initials
Quiz Lab
Trending Quizzes
Pick 6: Harry Potter
Pick 6: Golfers
Pick 6: Movie Franchises
Pick 6: Foods
Pick 6: Landmarks
Recently Updated
Women's Final Four Teams by Year
bhenderson79
Presidents Quartet II
eogle
Anything But Clue(do)
eogle
Anything But Oceanian Capitals
eogle
Anything But 7
eogle
Anything But Thing
eogle
Word Ladder: February 29
pecheneg
Song Title Questions
pecheneg
Women's NCAA Tournament #1 Seeds
pecheneg
Celebrity Mug Shots
pecheneg
Trending Topics
Anime
Marvel
Disney
Kpop
NBA
Crossword
Harry Potter
Soccer
WWE
NFL
Puzzle
Country
Pokémon
Song
The Office
Your Account Isn't Verified!
In order to create a playlist on Sporcle, you need to verify the email address you used during registration. Go to your
Sporcle Settings
to finish the process.
Report this User
Report this user for behavior that violates our
Community Guidelines
.
Details:
Send Report
Go to the Sporcle.com Mobile Site →
Comments